UFC and Strikeforce Champions - Statistics

General Stats
  • This quiz has been taken 87 times
  • The average score is 3 of 5
Answer Stats
Country Strikeforce UFC Answer % Correct
USA 2012 (W-BW) 2012 (W-BW) Ronda Rousey
86%
USA 2011 (MW) 2015 (MW) Luke Rockhold
84%
BRA 2009 (W-FTW) 2017 (W-FTW) Cris Cyborg
58%
USA 2007 (MW) 1997 (LHW) Frank Shamrock
45%
USA 2011 (W-BW) 2016 (W-BW) Miesha Tate
45%
No matching quizzes found
Score Distribution
Percent of People with Each Score
Percentile by Number Answered
Your Score History
You have not taken this quiz